Tile Select: Countries Compared to U.S. States - Statistics

General Stats
  • This quiz has been taken 51 times
  • The average score is 61 of 80
Answer Stats
Question Tile Select % Correct
countries larger than Nevada East Timor No
100%
countries larger than Alaska Honduras No
100%
countries larger than Alaska Solomon Islands No
100%
countries larger than Pennsylvania Bhutan No
98%
countries larger than Texas Cuba No
98%
countries larger than Alaska Oman No
98%
countries larger than Alaska Paraguay No
98%
countries larger than North Carolina Solomon Islands No
98%
countries larger than North Carolina Benin No
95%
countries larger than Nevada Dominican Republic No
95%
countries larger than Alaska Ecuador No
95%
countries larger than North Carolina Fiji No
95%
countries larger than Alaska Hungary No
95%
countries larger than Texas India Yes
95%
countries larger than Nevada Israel No
95%
countries larger than Pennsylvania Malawi No
95%
countries larger than Nevada Malawi No
95%
countries larger than Alaska New Zealand No
95%
countries larger than Nevada North Korea No
95%
countries larger than Nevada Sri Lanka No
95%
countries larger than Pennsylvania Belgium No
93%
countries larger than Texas New Zealand No
93%
countries larger than Pennsylvania Sierra Leone No
93%
countries larger than Nevada Uganda No
93%
countries larger than Texas Algeria Yes
90%
countries larger than Texas Azerbaijan No
90%
countries larger than Alaska Japan No
90%
countries larger than Texas Paraguay No
90%
countries larger than Pennsylvania Switzerland No
90%
countries larger than Alaska Zimbabwe No
90%
countries larger than Pennsylvania Argentina Yes
88%
countries larger than Alaska Australia Yes
88%
countries larger than North Carolina Cuba No
88%
countries larger than North Carolina Cyprus No
88%
countries larger than Texas Libya Yes
86%
countries larger than Nevada Portugal No
86%
countries larger than Alaska Germany No
83%
countries larger than Nevada Mexico Yes
83%
countries larger than Alaska Turkmenistan No
83%
countries larger than Pennsylvania Denmark No
81%
countries larger than Alaska Afghanistan No
76%
countries larger than North Carolina Argentina Yes
76%
countries larger than North Carolina France Yes
76%
countries larger than Pennsylvania Iraq Yes
76%
countries larger than Texas Papua New Guinea No
76%
countries larger than Texas Philippines No
76%
countries larger than Nevada United Kingdom No
76%
countries larger than North Carolina Bulgaria No
74%
countries larger than Texas Japan No
74%
countries larger than Alaska Niger No
74%
countries larger than Pennsylvania Sweden Yes
74%
countries larger than Alaska France No
69%
countries larger than Pennsylvania South Sudan Yes
69%
countries larger than North Carolina Ethiopia Yes
67%
countries larger than North Carolina Spain Yes
67%
countries larger than Pennsylvania Chile Yes
64%
countries larger than North Carolina Colombia Yes
64%
countries larger than Texas France No
64%
countries larger than Pennsylvania Italy Yes
64%
countries larger than Nevada Mozambique Yes
64%
countries larger than North Carolina Niger Yes
64%
countries larger than Pennsylvania Botswana Yes
62%
countries larger than North Carolina Iraq Yes
62%
countries larger than Texas Nigeria Yes
62%
countries larger than Pennsylvania Malaysia Yes
60%
countries larger than Texas Pakistan Yes
60%
countries larger than Texas Peru Yes
60%
countries larger than Alaska Turkey No
60%
countries larger than Nevada South Sudan Yes
57%
countries larger than Texas Namibia Yes
52%
countries larger than Texas Tanzania Yes
52%
countries larger than Nevada Tanzania Yes
52%
countries larger than North Carolina Philippines Yes
45%
countries larger than Nevada Poland Yes
45%
countries larger than Nevada Myanmar Yes
43%
countries larger than North Carolina Uzbekistan Yes
43%
countries larger than Pennsylvania Ecuador Yes
31%
countries larger than Nevada Cameroon Yes
29%
countries larger than Pennsylvania Ghana Yes
24%
countries larger than North Carolina Gabon Yes
14%
No matching quizzes found
Score Distribution
Percent of People with Each Score
Percentile by Number Answered
Your Score History
You have not taken this quiz